000 00505nam a2200193Ia 4500
003 OSt
005 20260224104507.0
008 250729s2007 xx 000 0 und d
040 _cAL
041 _akan
082 _a494.507 PATS
100 _aಪಟ್ಟೇದ ಎಲ್ ಬಿ
_9229655
245 _aಸಿರಿಗನ್ನಡ ನುಡಿ ಬೋಧನೆ
260 _aಗದಗ
_c2007
300 _a800p
650 _aKannada
_9229656
700 _aRao Digumurthi
_9229657
942 _2ddc
_cBED
999 _c238404
_d238404